1673 1762 1848 1354 1869 1095 1072 1272 1424 1334 1012 1632 1345 1817 1375 1040 1048 1460 1765 1543 1495 1365 1603 1766 1389 1127 1783 1389 1432 1699 1246 1854 1542 1191 1127 1940 1372 1189 1942 1003 1054 1732 1891 1965 1326 1129 1402 1868 1297 1252 1794 1047 1496 1141 1192 1769 1276 1083 1622 1490 1711 1521 1603 1058 1448 1326 1502 1407 1611 1436 1694 1048 1705 1137 1179 1275 1246 1003 1185 1751 1372 1876 1449 1872 1833 1863 1512 1497 1043 1544 1260 1113 1615 1355 1178 1435 1182 1424 1594 BCNSPRNW ULIB Ver.6.0+V

เปลี่ยนเป็นภาษาไทย

Change to English
 แสดงรายละเอียดบรรณานุกรม
  กลับหน้าหลัก

Brief Record : Get Marc (ISO 2709) : E-mail record : QR code < ปิดหน้าต่าง
LEADER : 00000nam 2200000uu 4500
001    13399122858
003     ULIB
008    131022s2555||||th 000 0 tha d
020    ^a9789742473792
050  4 ^aDS520^bป533ร
100    ^aปัทมาพร คำโท
245    ^aเราคืออาเซียน--ลาว/^cปัทมาพร คำโท
250    ^aพิมพ์ครั้งที่ 4
260    ^aกรุงเทพฯ :^bอมรินทร์คอมมิกส์,^c2555
300    ^a55 หน้า
440  0 ^aชุด เราคืออาเซียน
650  7 ^aประชาคมอาเซียน
650  7 ^aอาเซียน
650  7 ^aลาว
945    ^p75^l0^i034079
999    ^aทศพร
รายการนี้ยังไม่มีแท็ก
คุณยังไม่ได้ล็อกอิน คุณสามารถมีกิจกรรมร่วมกับเว็บไซต์ได้ แต่ต้องล็อกอินก่อน ::
  ล็อกอิน

รายการสื่อสารสนเทศ

ลำดับที่ ประเภท เลขเรียก/บาร์โค้ด สถานที่ สถานะ
1. การศึกษาทั่วไป
หนังสือสำรอง
สถานะ=หนังสือสำรอง
DS520 ป533ร ฉ.1 
  Barcode: 034079
ห้องสมุดวิทยาเขตสวรรค์ประชารักษ์
►หนังสือทั่วไป
บนชั้น

รายการใกล้เคียง
    ผู้แต่ง [ปัทมาพร คำโท]

    หัวเรื่อง [ประชาคมอาเซียน]
    หัวเรื่อง [อาเซียน]
    หัวเรื่อง [ลาว]

BibComment


ยังไม่เคยถูกคอมเมนท์

คอมเมนท์ทรัพยากรรายการนี้
  คอมเมนท์: เราคืออาเซียนลาว..


 Copyright 2026. Bcnsprnw @Library